| 000 | 01131nam a2200229Ia 4500 | ||
|---|---|---|---|
| 999 |
_c56291 _d56291 |
||
| 001 | 23404 | ||
| 003 | GE_BSU | ||
| 005 | 20251021160549.0 | ||
| 008 | 181216s1957||||ge |||||||||||||| ||geo|| | ||
| 040 | _cGE_BSU | ||
| 041 | _ageo | ||
| 080 | _a94(479.222.2)"1856-1857 ლ-41 | ||
| 100 |
_aლემონჯავა, დიმიტრი _914874 |
||
| 245 |
_aგლეხთა აჯანყება სამეგრელოში, 1856-1857 / _cდიმიტრი ლემონჯავა; საქ. სსრ მეცნ. აკად., ივ. ჯავახიშვილის სახ. ისტ. ინ-ტი. |
||
| 264 |
_aთბილისი : _b საქ. სსრ მეცნ. აკად. გამ-ბა, _c1957. |
||
| 300 |
_a213 გვ. ; _b20 სმ. |
||
| 490 | _aმეცნიერულ-პოპულარული სერია | ||
| 504 | _aბიბლიოგრ.: გვ. 204-211. | ||
| 653 | _aგლეხთა აჯანყება სამეგრელოში | ||
| 653 | _aსაქართველოს ისტორია | ||
| 942 |
_cBK _2udc |
||